Acertijos, adivinanzas y trabalenguas : (Registro nro. 11822)

Detalles MARC
000 -LIDER
fixed length control field 00848nam a22002537a 4500
001 - NÚMERO DE CONTROL
Identificador de número de control 0011735
003 - IDENTIFICACDOR DE NÚMERO DE CONTROL
control field DO-SdBNP
005 - DATE AND TIME OF LATEST TRANSACTION
control field 20180212133740.0
007 - CAMPOS FIJOS DE DESCRIPCIÓN FÍSICA
fixed length control field 0011735
008 - ELEMENTOS DE LONGITUD FIJA
fixed length control field 161107b 1997 cl||||| |||| 00| 0 spa d
020 ## - ISBN
International Standard Book Number 9789589635605
040 ## - FUENTE DE CATALOGACIÓN
Agencia que crea de manera original el registro BPMSU
Idioma de catalogación spa
Agencia que realiza la transcripción BPMSU
082 ## - NÚMERO DE CLASIFICACIÓN DECIMAL DE DEWEY
Classification number xxxxxxxx
Item number xxxxxxxx
100 1# - ASIENTO PRINCIPAL -- NOMBRE PERSONAL
Nombre personal Moreno S., Blanca Cecilia
245 1# - MENCIÓN DE TITULO
Título Acertijos, adivinanzas y trabalenguas :
Subtítulo en el constructivo educativo /
Mención de responsabilidad Blanca Cecilia Moreno Sánchez ; prólogo Hildebrando Suescún Dávila
250 ## - MENCIÓN DE EDICION
Mención de edición 2a ed. Ampliada y corregida
260 ## - PUBLICACIÓN, DISTRIBUCIÓN, ETC. (PIE DE IMPRENTA)
Lugar de publicación, distribución, etc Colombia :
Nombre del editor, distribuidor, etc. Talleres Gráficos,
Fecha de publicación, distribución, etc 1997.
300 ## - DESCRIPCIÓN FÍSICA
Extensión 206 p. :
Otros detalles físicos il.,
Dimensiones 25 cm.
504 ## - NOTA DE BIBLIOGRAFÍA, ETC.
Bibliography, etc Bibliografías : p. 189-190
700 ## - ASIENTO SECUNDARIO -- NOMBRE PERSONAL
Nombre personal Suescún Dávila, Hildebrando,
Mención de responsabilidad pról.
942 ## - ADDED ENTRY ELEMENTS (KOHA)
Source of classification or shelving scheme Dewey Decimal Classification
Koha item type Libros
945 ## - INFORMACIÓN DE PROCESAMIENTO LOCAL
Información de procesamiento local inventariado, 2018 / dg
956 ## - LOCAL ELECTRONIC LOCATION AND ACCESS (OCLC)
Nombre de host BTAVÁREZ
Número de acceso 10
Información de compresión 20161107
Trayectoria 0011735
Existencias
Withdrawn status Lost status Source of classification or shelving scheme Damaged status Not for loan Collection code Home library Current library Date acquired Total Checkouts Full call number Barcode Date last seen Price effective from Koha item type
    Dewey Decimal Classification     Colección Infantil General Biblioteca Pública Metropolitana Salomé Ureña Biblioteca Pública Metropolitana Salomé Ureña 11/07/2016   xxxxxxxx xxxxxxxx BPMSU16110142 11/07/2016 11/07/2016 Libros